| 000 | 01274nam a2200313 c 4500 | ||
|---|---|---|---|
| 003 | BLK | ||
| 005 | 20250705115505.0 | ||
| 008 | 180409b bul|||||r ||||||| ||bul|| | ||
| 010 | _aKNG00119532000 | ||
| 020 |
_a978-954-529-752-6 _bиздат.: Колибри |
||
| 040 | _aBLK | ||
| 041 |
_aBUL _cBUL |
||
| 080 |
_aЧилийска литература _b821.134.2(83) _x-31 _z821.134.2(83)-31 |
||
| 100 | 1 |
_aАлиенде, Исабел _eпърви автор _930822 |
|
| 700 | 1 |
_aКостова, Маня Асенова _eпрев. от исп. _9277900 |
|
| 139 |
_aАлиенде, Исабел _bА 54 |
||
| 245 | 1 | 0 |
_aИнес, моя душа _bРоман _cИсабел Алиенде; прев. от исп. Маня Асенова Костова. |
| 257 | _aCHI | ||
| 260 |
_аСофия _bКолибри _c2010 _fСофия : Инвестпрес |
||
| 300 |
_a365 с. _c20 см |
||
| 380 | _aX | ||
| 500 | _aОриг. загл. Ines del alma mia / Isabel Allende. - Офс. изд. - Съдържа и за авт. ; Биогр. бележки. | ||
| 852 | _aЦб 248182 | ||
| 856 | 4 |
_qpdf _u |
|
| 856 | 4 |
_qpdf _u |
|
| 942 |
_cKNG _n0 _024 |
||
| 944 |
_aCR _c21.05.2010 _lДиана Гривева _k30529 |
||
| 944 |
_aED _c03.04.2013 _lф / _k |
||
| 999 |
_c114102 _d114102 |
||